Sẵn sàng xuất — 

Giáo dục Nam bộ thời kháng chiến chống Pháp (1945- 1954)

Uloženo v:
Podrobná bibliografie
Médium: Kniha
Jazyk:Undetermined
Vydáno: Tp. HCM Trẻ 2002
Témata:
Tagy: Přidat tag
Žádné tagy, Buďte první, kdo otaguje tento záznam!
Thư viện lưu trữ: Trung tâm Học liệu Trường Đại học Cần Thơ
LEADER 00484nam a2200169Ia 4500
001 CTU_51166
008 210402s9999 xx 000 0 und d
020 |b 48000 
082 |a 895.9228 
082 |b Gi108 
245 0 |a Giáo dục Nam bộ thời kháng chiến chống Pháp (1945- 1954) 
260 |a Tp. HCM 
260 |b Trẻ 
260 |c 2002 
650 |a vietnamese literature 
650 |y 20th century 
980 |a Trung tâm Học liệu Trường Đại học Cần Thơ